000 00678nam a2200181Ia 4500
008 151018s9999 xx 000 0 und d
082 _bRBASDV17249
_a891.463
100 _aचंद्रकांत काकोडकर
245 _aनिश्चयाचा महामेरू
250 _b1
260 _bवसंत बुक स्टॉल मुंबई
300 _a135
600 _aचंद्रकांत काकोडकर
630 _aनिश्चयाचा महामेरू
700 _aचंद्रकांत काकोडकर
730 _aनिश्चयाचा महामेरू
942 _cBOOK
999 _c1017932
_d1017929